000 00660nam a2200229 i 4500
001 C2-0112952
003 PPAK
005 20180727104113.0
008 970706s1983 my |||| ||||| | may d
040 _aPPAK
_beng
_cPPAK
_erda
082 0 4 _a959.8021
_223
090 0 0 _a959.8021
_bFUR
_dKIH
100 1 _aFurnivall, J.S.,
_eauthor
245 1 0 _aHindia Belanda :
_bsatu pengkajian ekonomi majmuk
264 1 _aKuala Lumpur :
_bDewan Bahasa dan Pustaka ,
_c1983
300 _axxxiii, 641 pages ;
_c22 cm
336 _2rdacontent
_atext
337 _2rdamedia
_aunmediated
338 _2rdacarrier
_avolume
650 1 0 _aIndonesia - History
942 _ddc
_cB
999 _c28550
_d28550